| 000 | 00991nam a22002177a 4500 | ||
|---|---|---|---|
| 999 |
_c7671 _d7671 |
||
| 003 | AR-CdUCM | ||
| 008 | 190321b ||||| |||| 00| 0 spa d | ||
| 040 |
_aMUNICIPALIDAD PROVINCIAL DEL CUSCO _cBIBLIOTECA MUNICIPAL DEL CUSCO |
||
| 082 |
_a617.6 / _bC52 |
||
| 100 |
_aChevarria Ormachea, Yenni Christina _921666 |
||
| 245 | _aOpciones de tratamiento en el maxilar superior con prótesis implantosoportada / | ||
| 260 |
_aArequipa : _bPc+red service, _c2013. |
||
| 300 |
_a71 paginas ; _bIlustraciones, _c24 cm. |
||
| 505 | _aContenido : Anatomía del maxilar superior -- Factores de involución en el maxilar superior proceso de reabsorción -- Consideraciones de los implantes en la arcada superior -- Tipo de prótesis fija sobre implante -- Posición clave de los implantes ... | ||
| 650 |
_aOdontología _919616 |
||
| 650 |
_aMaxilar superior _921667 |
||
| 650 |
_aPrótesis fija _921668 |
||
| 700 |
_aPerea Corimaya, Elizabeth Mariela _921669 |
||
| 942 |
_2ddc _cLIBROS |
||
| 945 | _awnts | ||